| 000 | 00454nam a2200169Ia 4500 | ||
|---|---|---|---|
| 008 | 230524s9999 xx 000 0 und d | ||
| 020 | _a07619949044 | ||
| 082 |
_a331 _bRAT |
||
| 100 | _aC.S.Venkata Ratnam | ||
| 245 | 0 | _aGlobalization and Labour-Management Relations (Dynamics of Change) | |
| 250 | _aIST | ||
| 260 |
_aNEW DELHI _bResponse Books _c2007 |
||
| 300 | _aIII;343 | ||
| 500 | _aQuantity Number: 10 | ||
| 650 | _aManagement | ||
| 942 | _cBK | ||
| 999 |
_c42643 _d42643 |
||